Private education : (Record no. 8128)

MARC details
000 -LEADER
fixed length control field 00755nam a22002292 4500
001 - CONTROL NUMBER
control field 0000011977
005 - DATE AND TIME OF LATEST TRANSACTION
control field 20151217152104.0
008 - FIXED-LENGTH DATA ELEMENTS--GENERAL INFORMATION
fixed length control field 090123s xx 000 0 eng d
020 ## - INTERNATIONAL STANDARD BOOK NUMBER
International Standard Book Number 0826485995 :
040 ## - CATALOGING SOURCE
Original cataloging agency KABU
Transcribing agency KABU
100 1# - MAIN ENTRY--PERSONAL NAME
Personal name Walford, Geoffrey.
-- 0000168102
245 10 - TITLE STATEMENT
Title Private education :
Remainder of title tradition and diversity /
Statement of responsibility, etc. Geoffrey Walford.
250 ## - EDITION STATEMENT
Edition statement 1st ed.
260 ## - PUBLICATION, DISTRIBUTION, ETC. (IMPRINT)
Place of publication, distribution, etc. London :
Name of publisher, distributor, etc. Continuum,
Date of publication, distribution, etc. 2006.
300 ## - PHYSICAL DESCRIPTION
Extent vii, 248 p.
650 #0 - SUBJECT ADDED ENTRY--TOPICAL TERM
Topical term or geographic name as entry element Private schools
Geographic subdivision Great Britain.
-- 0000168103
650 #0 - SUBJECT ADDED ENTRY--TOPICAL TERM
Topical term or geographic name as entry element Private schools
General subdivision Research.
Geographic subdivision Great Britain.
-- 0000168104
852 1# - LOCATION
-- p9744 KES
852 1# - LOCATION
-- p4950 KES
908 ## - PUT COMMAND PARAMETER (RLIN)
Put command parameter 090123
950 ## - LOCAL HOLDINGS (RLIN)
-- 1
Holdings
Withdrawn status Lost status Source of classification or shelving scheme Not for loan Home library Current library Date acquired Total Checkouts Full call number Barcode Date last seen Price effective from Koha item type Date last checked out
    Library of Congress Classification   Kabarak, Main Campus Kabarak, Main Campus 17/12/2015   LC53 .G7W35 2006 c. 1 16305 17/12/2015 17/12/2015 General Collection  
    Library of Congress Classification   Kabarak, Main Campus Kabarak, Main Campus 17/12/2015 1 LC53 .G7W35 2006 c. 2 23027 17/03/2020 17/12/2015 General Collection 10/03/2020
Designed with assistance from East African Informatics Ltd